000 00520nam a2200193Ia 4500
999 _c15122
_d15122
003 OSt
005 20201113125640.0
008 190216s9999||||xx |||||||||||||| ||und||
020 _a8182746426
040 _coclc
082 _a425.03
_bHAZ/D
100 _aHazel, Billy
_96583
245 0 _aDictionary Of Grammar /
_cBilly Hazel
250 _a1st Ed.
260 _bPentagon Press,
_c2004.
_aNew delhi:
300 _a161p
650 _aEnglish
942 _cBK
_2ddc
_h425.03
_iHAZ/D
_k425.03
_mHAZ/D